2903-赤穂市(兵庫県)の駅 - Statistics

General Stats
  • This quiz has been taken 33 times
  • The average score is 4 of 5
Answer Stats
Answer % Correct
播州赤穂
100%
有年
93%
坂越
93%
天和
81%
備前福河
81%
No matching quizzes found
Score Distribution
Percent of People with Each Score
Percentile by Number Answered
Your Score History
You have not taken this quiz